000 01332nam a2200361 i 4500
001 34418
003 FINmELB
005 20241216220914.0
006 m o u
007 cr cn|||||||||
008 211129s2021 ck ob 000 0 spa d
020 _a9789585188068 (e-book)
035 _a(OCoLC)1289858246
040 _aFINmELB
_bspa
_erda
_cFINmELB
050 1 4 _aRJ45
_bE921 2021
080 _a616-053
082 0 4 _a618.92
_223
245 0 0 _aEvaluación y manejo pediátrico /
_ceditor académico: Jorge Raúl García Corzo.
264 1 _aBucaramanga :
_bEdiciones UIS,
_c2021.
300 _a1 recurso en línea (910 páginas)
336 _atexto
_btxt
_2rdamedia/spa
337 _acomputadora
_bc
_2rdamedia/spa
338 _arecurso en línea
_bcr
_2rdacarrier/spa
504 _aContiene bibliografía.
588 _aDescripción basada en metadatos suministrados por el editor y otras fuentes.
590 _aRecurso electrónico. Santa Fe, Arg.: elibro, 2021. Disponible vía World Wide Web. El acceso puede estar limitado para las bibliotecas afiliadas a elibro.
650 0 _aPediatrics.
650 4 _aPediatría.
655 4 _aLibros electrónicos.
700 1 _aGarcía Corzo, Jorge Raúl,
_eeditor.
797 2 _aelibro, Corp.
856 4 0 _uhttps://elibro.net/ereader/politecnicointernacional/183415
999 _c34418
_d34418